000 00397nam a2200121Ia 4500
008 220217s9999 xx 000 0 und d
245 0 _aTesting of rubber and elastomers. Thin layer chromatographic analysis: Concepts and general principles
260 _c1975
500 _aStandard number: DIN 53 622 Part 1
650 _aElastomers
650 _aThin layer chromatographic analysis
942 _cST
999 _c73382
_d73382